Historia del mundo moderno

Guardat en:
Dades bibliogràfiques
Format: Llibre
Idioma:espanyol
Publicat: Barcelona, España Sopena 1970
Matèries:
Etiquetes: Afegir etiqueta
Sense etiquetes, Sigues el primer a etiquetar aquest registre!

MARC

LEADER 00000cam a2200000 a 4500
001 UCY6816
003 CL-VaPUC
005 20211210074336.0
008 950602e19700000SP |||||||||||||||||spa|d
999 |c 234315  |d 234313 
020 |a 8430302093 (o.c) 
020 |a 8430302204 (v.11) 
040 |c Pontificia Universidad Católica de Valparaíso 
082 0 4 |a 940.2 HIS 1970  |2 21 
245 1 0 |a Historia del mundo moderno 
260 |a Barcelona, España  |b Sopena  |c 1970 
300 |a volúmenes 
500 |a v.1: El renacimiento, 1493-1520 
500 |a v.2: La Reforma, 1520-1559 
500 |a v.4: La decadencia española y la guerra de los treinta años, 1610-1648-59 
500 |a v.7: El antiguo régimen, 1713-1763 
583 |a last modification  |c 20160714 10:15:45  |k Rodrigo Vera 
650 0 |a Renacimiento  |z EUROPA  |9 255107 
650 0 |a Historia moderna  |z EUROPA  |9 268036 
650 7 |a REFORMA  |2 CL-VaPUC  |9 319527  |z EUROPA 
650 0 |a Absolutismo  |z EUROPA  |9 257456 
650 0 |a Monarquía   |z EUROPA  |9 255259 
651 0 |a España  |z PAISES BAJOS  |z FRANCIA  |z ALEMANIA  |9 254926 
852 |a BIBCUR 
942 |c BK  |2 ddc 
945 |d 19950602 00:00:00  |a rbrito 
952 |0 0  |1 0  |2 ddc  |4 0  |6 940_200000000000000_HIS_1970  |7 0  |8 X  |9 240453  |a BIBHIS  |b BIBHIS  |d 2019-11-18  |h v.1  |i 3089118  |o 940.2 HIS 1970  |p 3089118  |r 2024-01-30  |t 1  |w 2019-11-18  |y BK_X  |k HIS 
952 |0 0  |1 0  |2 ddc  |4 0  |6 940_200000000000000_HIS_1970  |7 0  |8 X  |9 240454  |a BIBHIS  |b BIBHIS  |d 2019-11-18  |h v.2  |i 308910K  |o 940.2 HIS 1970  |p 308910K  |r 2024-01-30  |t 1  |w 2019-11-18  |y BK_X  |k HIS 
952 |0 0  |1 0  |2 ddc  |4 0  |6 940_200000000000000_HIS_1970  |7 0  |8 X  |9 240455  |a BIBHIS  |b BIBHIS  |d 2019-11-18  |h v.4  |i 3089126  |o 940.2 HIS 1970  |p 3089126  |r 2024-01-30  |t 1  |w 2019-11-18  |y BK_X  |k HIS 
952 |0 0  |1 0  |2 ddc  |4 0  |6 940_200000000000000_HIS_1970  |7 0  |8 X  |9 240456  |a BIBHIS  |b BIBHIS  |d 2019-11-18  |h v.7  |i 3089096  |o 940.2 HIS 1970  |p 3089096  |r 2024-01-30  |t 1  |w 2019-11-18  |y BK_X  |k HIS 
952 |0 0  |1 0  |2 ddc  |3 erd  |4 0  |6 940_200000000000000_HIS_1970  |7 0  |8 A  |9 240457  |a FDOHBE  |b FDOHBE  |e Huesbe Llanos, Marco Antonio, 1934-  |h v.1  |i 5306981  |o 940.2 HIS 1970  |p 5306981  |r 2024-01-30  |t 2  |w 2019-11-18  |y BK  |z Catalogado en:20160708  |k HBE 
952 |0 0  |1 0  |2 ddc  |3 erd  |4 0  |6 940_200000000000000_HIS_1970  |7 0  |8 A  |9 240458  |a FDOHBE  |b FDOHBE  |e Huesbe Llanos, Marco Antonio, 1934-  |h v.12  |i 5307015  |o 940.2 HIS 1970  |p 5307015  |r 2024-01-30  |t 1  |w 2019-11-18  |y BK  |z Catalogado en:20160708  |k HBE 
952 |0 0  |1 0  |2 ddc  |3 erd  |4 0  |6 940_200000000000000_HIS_1970  |7 0  |8 A  |9 240459  |a FDOHBE  |b FDOHBE  |e Huesbe Llanos, Marco Antonio, 1934-  |h v.2  |i 5306965  |o 940.2 HIS 1970  |p 5306965  |r 2024-01-30  |t 2  |w 2019-11-18  |y BK  |z Catalogado en:20160717  |k HBE 
952 |0 0  |1 0  |2 ddc  |3 erd  |4 0  |6 940_200000000000000_HIS_1970  |7 0  |8 A  |9 240460  |a FDOHBE  |b FDOHBE  |e Huesbe Llanos, Marco Antonio, 1934-  |h v.3  |i 5307023  |o 940.2 HIS 1970  |p 5307023  |r 2024-01-30  |t 1  |w 2019-11-18  |y BK  |z Catalogado en:20160717  |k HBE 
952 |0 0  |1 0  |2 ddc  |3 erd  |4 0  |6 940_200000000000000_HIS_1970  |7 0  |8 A  |9 240461  |a FDOHBE  |b FDOHBE  |e Huesbe Llanos, Marco Antonio, 1934-  |h v.4  |i 530704K  |o 940.2 HIS 1970  |p 530704K  |r 2024-01-30  |t 2  |w 2019-11-18  |y BK  |z Catalogado en:20160717  |k HBE 
952 |0 0  |1 0  |2 ddc  |3 erd  |4 0  |6 940_200000000000000_HIS_1970  |7 0  |8 A  |9 240462  |a FDOHBE  |b FDOHBE  |e Huesbe Llanos, Marco Antonio, 1934-  |h v.5  |i 5306973  |o 940.2 HIS 1970  |p 5306973  |r 2024-01-30  |t 1  |w 2019-11-18  |y BK  |z Catalogado en:20160717  |k HBE 
952 |0 0  |1 0  |2 ddc  |3 erd  |4 0  |6 940_200000000000000_HIS_1970  |7 0  |8 A  |9 240463  |a FDOHBE  |b FDOHBE  |e Huesbe Llanos, Marco Antonio, 1934-  |h v.6  |i 5307635  |o 940.2 HIS 1970  |p 5307635  |r 2024-01-30  |t 1  |w 2019-11-18  |y BK  |z Catalogado en:20160717  |k HBE 
952 |0 0  |1 0  |2 ddc  |3 erd  |4 0  |6 940_200000000000000_HIS_1970  |7 0  |8 A  |9 240464  |a FDOHBE  |b FDOHBE  |e Huesbe Llanos, Marco Antonio, 1934-  |h v.7  |i 5307007  |o 940.2 HIS 1970  |p 5307007  |r 2024-01-30  |t 2  |w 2019-11-18  |y BK  |z Catalogado en:20160717  |k HBE 
952 |0 0  |1 0  |2 ddc  |3 erd  |4 0  |6 940_200000000000000_HIS_1970  |7 0  |8 A  |9 240465  |a FDOHBE  |b FDOHBE  |e Huesbe Llanos, Marco Antonio, 1934-  |h v.8  |i 530766K  |o 940.2 HIS 1970  |p 530766K  |r 2024-01-30  |t 1  |w 2019-11-18  |y BK  |z Catalogado en:20160717  |k HBE 
952 |0 0  |1 0  |2 ddc  |3 erd  |4 0  |6 940_200000000000000_HIS_1970  |7 0  |8 A  |9 240466  |a FDOHBE  |b FDOHBE  |e Huesbe Llanos, Marco Antonio, 1934-  |h v.9  |i 5307643  |o 940.2 HIS 1970  |p 5307643  |r 2024-01-30  |t 1  |w 2019-11-18  |y BK  |z Catalogado en:20160717  |k HBE 
952 |0 0  |1 0  |2 ddc  |3 erd  |4 0  |6 940_200000000000000_HIS_1970  |7 0  |8 A  |9 240467  |a FDOHBE  |b FDOHBE  |e Huesbe Llanos, Marco Antonio, 1934-  |h v.10  |i 5307651  |o 940.2 HIS 1970  |p 5307651  |r 2024-01-30  |t 1  |w 2019-11-18  |y BK  |z Catalogado en:20160717  |k HBE 
952 |0 0  |1 0  |2 ddc  |3 erd  |4 0  |6 940_200000000000000_HIS_1970  |7 0  |8 A  |9 240468  |a FDOHBE  |b FDOHBE  |e Huesbe Llanos, Marco Antonio, 1934-  |h v.11  |i 5307031  |o 940.2 HIS 1970  |p 5307031  |r 2024-01-30  |t 1  |w 2019-11-18  |y BK  |z Catalogado en:20160717  |k HBE 
952 |0 0  |1 0  |2 ddc  |3 erd  |4 0  |6 940_200000000000000_HIS_1970  |7 0  |8 A  |9 240469  |a FDOHBE  |b FDOHBE  |e Huesbe Llanos, Marco Antonio, 1934-  |h v.13  |i 530699K  |o 940.2 HIS 1970  |p 530699K  |r 2024-01-30  |t 1  |w 2019-11-18  |y BK  |z Catalogado en:20160717  |k HBE